[Event "CSS Freestyle 8th"]
[Site "playchess.com"]
[Date "2008.04.11"]
[Round "2"]
[White "Gallenweiler"]
[Black "Heffalump"]
[Result "0-1"]
[WhiteElo "2404"]
[BlackElo "2551"]
[PlyCount "144"]
[EventDate "2008.04.11"]

1. e4 {3} c5 {8} 2. Nf3 {22} Nc6 {41} 3. d4 {72} cxd4 {5} 4. Nxd4 {2} Nf6 {2}
5. Nc3 {1} e5 {2} 6. Ndb5 {8} d6 {2} 7. Bg5 {65} a6 {7} 8. Na3 {24} b5 {7} 9.
Nd5 {2} Be7 {27} 10. Bxf6 {16} Bxf6 {9} 11. c3 {31} Rb8 {134} 12. Nc2 {34} O-O
{79} 13. h4 {172} g6 {239} 14. g3 {137} Bg7 {107} 15. h5 {118} Ne7 {14} 16.
Nce3 {187} Nxd5 {118} 17. Nxd5 {4} Qg5 {8} 18. Rh4 {192} Rb7 {338} 19. Ne3 {153
} Rb6 {145} 20. Bh3 {101} Bb7 {13} 21. Nd5 {110} Bxd5 {214} 22. Qxd5 {3} b4 {2}
23. c4 {76} b3 {33} 24. a3 {124} Qe7 {147} 25. Bg4 {118} Bf6 {78} 26. Rh2 {107}
Qb7 {126} 27. hxg6 {171} hxg6 {6} 28. Qxb7 {29} Rxb7 {5} 29. Ke2 {46} Rc7 {99}
30. Kd3 {83} Rb8 {4} 31. Rd1 {91} Rbb7 {47} 32. Be2 {89} Rc6 {37} 33. Rdh1 {116
} Kf8 {40} 34. Rh3 {198} Ke7 {58} 35. Rh7 {50} Rbb6 {69} 36. R1h6 {44} Kf8 {36}
37. Rh3 {72} Rc7 {55} 38. Kd2 {59} a5 {7} 39. Rh1 {70} Rbc6 {55} 40. Ke3 {56}
a4 {48} 41. Kd2 {239} Bg5+ {73} 42. Kc3 {30} Bd8 {Gallenweiler bietet Remis 9}
43. f3 {107} Rc8 {7} 44. Kd2 {27} Ke7 {46} 45. Rf1 {29} Ba5+ {45} 46. Kc1 {18}
Bb6 {16} 47. Kb1 {27} Rg8 {39} 48. f4 {39} exf4 {13} 49. Rxf4 {49} Rf8 {5} 50.
Rg4 {94} Kf6 {6} 51. Rf4+ {10} Ke6 {4} 52. Rf1 {37} Bd4 {22} 53. Bg4+ {78} Ke7
{48} 54. Be2 {17} Bf6 {21} 55. Rfh1 {49} Rc5 {7} 56. g4 {55} Rcc8 {19} 57. Bd3
{22} Rh8 {19} 58. e5 {65} dxe5 {271} 59. g5 {39} Rxh7 {3} 60. gxf6+ {5} Kxf6 {1
} 61. Rxh7 {13} Rd8 {2} 62. Rh3 {31} e4 {5} 63. Be2 {3} Rd2 {10} 64. Re3 {18}
Ke5 {27} 65. c5 {16} f5 {10} 66. c6 {10} Kd6 {13} 67. c7 {65} Kxc7 {10} 68. Kc1
{0} Rc2+ {5} 69. Kb1 {3} Kb6 {98} 70. Bf1 {17} g5 {51} 71. Be2 {13} g4 {59} 72.
Bf1 {23} Rh2 {Gallenweiler gibt auf (Lag: Av=0.29s, max=1.0s) 153} 0-1

[Event "CSS Freestyle 8th"]
[Site "playchess.com"]
[Date "2008.04.11"]
[Round "2"]
[White "Alexisco"]
[Black "Murx"]
[Result "1/2-1/2"]
[WhiteElo "2568"]
[BlackElo "2560"]
[PlyCount "88"]
[EventDate "2008.04.11"]

1. e4 {15} c5 {54} 2. Nf3 {24} d6 {16} 3. d4 {150} cxd4 {15} 4. Nxd4 {13} Nf6 {
17} 5. Nc3 {4} a6 {20} 6. Be3 {11} e6 {38} 7. f3 {61} b5 {13} 8. g4 {102} h6 {
68} 9. Qd2 {42} b4 {32} 10. Nce2 {16} e5 {75} 11. Nb3 {13} a5 {17} 12. c4 {731}
Be6 {558} 13. Ng3 {235} Nc6 {181} 14. Be2 {8} h5 {61} 15. g5 {186} a4 {273} 16.
Nc1 {17} Nd7 {52} 17. Nf5 {14} Nc5 {273} 18. Nd3 {91} Nxd3+ {22} 19. Bxd3 {31}
g6 {303} 20. Nh6 {110} f6 {8} 21. h4 {12} fxg5 {238} 22. hxg5 {27} Be7 {100}
23. Nf5 {86} O-O {49} 24. Nxe7+ {60} Qxe7 {4} 25. Be2 {8} Rfd8 {34} 26. O-O {9}
Kh7 {155} 27. Kh2 {Murx reconnected. 573} Qb7 {605} 28. Rac1 {92} Na5 {40} 29.
Bd3 {13} Rdc8 {128} 30. Qe2 {147} Qe7 {61} 31. Kh1 {388} Nc6 {158} 32. Qh2 {145
} Rf8 {40} 33. Be2 {10} b3 {54} 34. a3 {21} Rac8 {38} 35. c5 {41} d5 {19} 36.
Ba6 {47} Rcd8 {14} 37. Bd3 {8} Kg8 {14} 38. Qg3 {14} Kh7 {95} 39. Qh4 {110} d4
{13} 40. Bd2 {30} Bd7 {11} 41. Kg2 {16} Kg7 {8} 42. Kg1 {16} Rc8 {10} 43. Qg3 {
19} Rh8 {7} 44. Qh4 {10} Rhf8 {Murx bietet Remis (Lag: Av=3.84s, max=149.8s) 6}
1/2-1/2

[Event "CSS Freestyle 8th"]
[Site "playchess.com"]
[Date "2008.04.11"]
[Round "2"]
[White "Wytiko"]
[Black "Lukulus"]
[Result "1/2-1/2"]
[WhiteElo "2323"]
[BlackElo "2438"]
[PlyCount "105"]
[EventDate "2008.04.11"]

1. d4 {5} d5 {56} 2. c4 {3} e6 {8} 3. Nc3 {5} c6 {9} 4. Nf3 {218} dxc4 {8} 5.
a4 {416} Bb4 {10} 6. e3 {11} b5 {125} 7. Bd2 {64} a5 {11} 8. axb5 {44} Bxc3 {8}
9. Bxc3 {7} cxb5 {6} 10. b3 {8} Bb7 {7} 11. bxc4 {32} b4 {28} 12. Bb2 {8} Nf6 {
17} 13. Bd3 {147} Nbd7 {9} 14. O-O {42} O-O {8} 15. Re1 {165} Qc7 {11} 16. e4 {
36} e5 {14} 17. c5 {486} exd4 {719} 18. Rc1 {187} Nxc5 {103} 19. Bxd4 {50} Nfd7
{27} 20. Bb5 {67} Rfc8 {195} 21. Bxd7 {1461} Qxd7 {21} 22. Rxc5 {81} Rxc5 {30}
23. Bxc5 {1} Qxd1 {28} 24. Rxd1 {2} Bxe4 {7} 25. Nd4 {9} b3 {' 608} 26. f3 {7}
Bg6 {24} 27. Ba3 {4} a4 {301} 28. Nc6 {42} h5 {430} 29. Rd8+ {53} Rxd8 {392}
30. Nxd8 {3} Bd3 {198} 31. Nb7 {16} Kh7 {206} 32. Kf2 {10} Kg6 {76} 33. Nc5 {13
} Bb5 {17} 34. Ke3 {8} Kf5 {63} 35. Ne4 {45} Bc6 {62} 36. Ng3+ {135} Kg5 {8}
37. Kd4 {14} h4 {7} 38. Bc1+ {8} Kf6 {10} 39. Ne4+ {46} Kg6 {6} 40. Kc5 {4} h3
{41} 41. gxh3 {2} Bd7 {45} 42. Kd6 {7} Bxh3 {6} 43. Nc5 {2} f6 {43} 44. Nxa4 {6
} Kf5 {10} 45. f4 {47} Bg2 {34} 46. Kc5 {5} Kg4 {19} 47. Kd4 {24} Kh3 {7} 48.
Nc5 {4} Kxh2 {9} 49. Nxb3 {10} Kg3 {7} 50. Nc5 {11} g5 {9} 51. Ne4+ {15} Bxe4 {
8} 52. Kxe4 {2} gxf4 {7} 53. Bxf4+ {
Wytiko offre la patta (Lag: Av=0.26s, max=1.2s) 3} 1/2-1/2

[Event "CSS Freestyle 8th"]
[Site "playchess.com"]
[Date "2008.04.11"]
[Round "2"]
[White "Fulcrum2000"]
[Black "Moro Gamgee"]
[Result "0-1"]
[WhiteElo "2593"]
[BlackElo "2403"]
[PlyCount "130"]
[EventDate "2008.04.11"]

1. e4 {18} c6 {33} 2. Nf3 {43} d5 {7} 3. e5 {6} Bg4 {86} 4. Be2 {30} c5 {152}
5. O-O {26} Nc6 {169} 6. c4 {8} dxc4 {51} 7. Na3 {108} Qd7 {82} 8. Nxc4 {94}
Nh6 {127} 9. d3 {364} Nf5 {63} 10. h3 {653} Bxf3 {48} 11. Bxf3 {10} Rd8 {177}
12. Bxc6 {14} Qxc6 {17} 13. Bf4 {241} e6 {21} 14. Ne3 {7} Be7 {100} 15. Nxf5 {
92} exf5 {2} 16. Rc1 {38} O-O {62} 17. Rc3 {327} Qe6 {73} 18. Qc1 {507} Qxa2 {
144} 19. Qa1 {62} Qe6 {789} 20. Qxa7 {84} b6 {3} 21. Re1 {57} Rd5 {79} 22. Qb7
{240} g5 {5} 23. Bd2 {8} Rd4 {268} 24. Be3 {120} Rd7 {57} 25. Qa6 {6} f4 {3}
26. Bd2 {55} Rd4 {115} 27. Qb7 {459} Re8 {173} 28. Re4 {90} Qd5 {183} 29. Qxd5
{6} Rxd5 {3} 30. Rb3 {42} Bd8 {43} 31. Kf1 {5} Bc7 {23} 32. Ke2 {85} Rdxe5 {40}
33. Rxe5 {2} Rxe5+ {29} 34. Kf1 {16} Rd5 {30} 35. Ke2 {3} f6 {24} 36. Bc3 {8}
Kf7 {6} 37. Ra3 {22} Ke6 {19} 38. Ra7 {4} Rd7 {15} 39. Ra6 {4} Rd6 {127} 40.
Ra7 {3} Rc6 {1} 41. Rb7 {7} h5 {29} 42. Kd2 {95} Be5 {34} 43. f3 {2} h4 {9} 44.
Kc2 {19} Kd5 {10} 45. Kd2 {11} Re6 {70} 46. Rd7+ {2} Rd6 {3} 47. Re7 {7} Bxc3+
{59} 48. bxc3 {31} b5 {2} 49. Ra7 {7} b4 {9} 50. Ra8 {27} Rb6 {2} 51. c4+ {91}
Ke6 {8} 52. Rc8 {5} Ra6 {16} 53. Rxc5 {6} Ra2+ {3} 54. Ke1 {74} Rxg2 {3} 55.
Rb5 {5} Rg3 {19} 56. Kf2 {11} Rxh3 {3} 57. Rb6+ {23} Ke5 {6} 58. Rxb4 {9} Rh2+
{4} 59. Kg1 {28} Rc2 {3} 60. Rb6 {14} h3 {25} 61. Kh1 {17} Rf2 {31} 62. Rb5+ {
10} Kd4 {9} 63. c5 {9} Rxf3 {46} 64. c6 {16} Rf1+ {12} 65. Kh2 {2} g4 {
Fulcrum2000 resigns (Lag: Av=0.45s, max=9.5s) 1} 0-1

[Event "CSS Freestyle 8th"]
[Site "playchess.com"]
[Date "2008.04.11"]
[Round "2"]
[White "Spaghetti Chess"]
[Black "Tatar"]
[Result "1/2-1/2"]
[WhiteElo "2523"]
[BlackElo "2543"]
[PlyCount "142"]
[EventDate "2008.04.11"]

1. e4 {38} e6 {12} 2. d4 {121} d5 {12} 3. Nc3 {107} Bb4 {28} 4. e5 {28} Ne7 {15
} 5. a3 {31} Bxc3+ {12} 6. bxc3 {19} c5 {85} 7. Qg4 {42} O-O {13} 8. Bd3 {17}
f5 {272} 9. exf6 {54} Rxf6 {16} 10. Bg5 {36} Rf7 {59} 11. Qh5 {31} g6 {8} 12.
Qd1 {26} Nbc6 {69} 13. Nf3 {37} Qa5 {110} 14. Bd2 {58} c4 {7} 15. Be2 {21} Nf5
{7} 16. O-O {49} Bd7 {193} 17. Re1 {156} Re8 {129} 18. Ng5 {371} Rfe7 {7} 19.
f4 {20} Nd6 {188} 20. Bf3 {600} b6 {94} 21. Kh1 {164} Nd8 {79} 22. Qe2 {17} Qa4
{207} 23. Ra2 {21} Nf5 {48} 24. Nh3 {227} Nf7 {81} 25. Nf2 {30} N7h6 {70} 26.
g3 {35} Bc6 {90} 27. Kg2 {21} Qa6 {75} 28. h4 {197} Rg7 {129} 29. Rh1 {59} Qb7
{178} 30. Raa1 {256} Ba4 {5} 31. g4 {106} Nd6 {23} 32. g5 {27} Nhf5 {7} 33. Ng4
{22} Kf8 {60} 34. Rac1 {69} Ne4 {148} 35. Bxe4 {80} dxe4 {24} 36. Be3 {8} Qa6 {
66} 37. h5 {5} gxh5 {123} 38. Rxh5 {4} Ree7 {56} 39. Rh3 {120} Bc6 {53} 40. Ra1
{13} Bd5 {493} 41. a4 {106} Qa5 {43} 42. Qe1 {5} Ke8 {10} 43. Ra3 {300} b5 {308
} 44. Kf2 {39} bxa4 {80} 45. Qa1 {43} Bc6 {11} 46. Ne5 {15} Qd5 {24} 47. Nxc6 {
35} Qxc6 {0} 48. Rxa4 {27} Rgf7 {5} 49. Ra5 {28} Kf8 {7} 50. Rc5 {88} Qb7 {47}
51. Rh1 {54} Qb8 {5} 52. Re5 {31} Kg8 {38} 53. Qa2 {29} Qc8 {5} 54. Qa4 {67}
Nd6 {29} 55. Qa3 {29} Nf5 {31} 56. Qb4 {25} Rb7 {30} 57. Qc5 {4} Rfc7 {22} 58.
Qa3 {2} Rb6 {7} 59. Qa4 {37} Ra6 {37} 60. Qb4 {19} Ra2 {17} 61. Rc1 {8} Kg7 {21
} 62. Rc5 {21} Rxc5 {23} 63. Qxc5 {2} Qxc5 {8} 64. dxc5 {4} Ne7 {26} 65. Ke2 {
34} Nd5 {27} 66. Kd2 {16} Ra3 {30} 67. Rh1 {5} Kg6 {15} 68. Rh6+ {9} Kf5 {7}
69. Bd4 {29} Nxf4 {7} 70. Rxh7 {9} Nd5 {7} 71. Rh6 {
Spaghetti Chess offre la patta 20} e5 {
Tatar bietet Remis (Lag: Av=0.38s, max=1.6s) 13} 1/2-1/2

[Event "CSS Freestyle 8th"]
[Site "playchess.com"]
[Date "2008.04.11"]
[Round "2"]
[White "Revelator"]
[Black "HAKAN M"]
[Result "1-0"]
[WhiteElo "2509"]
[BlackElo "2378"]
[PlyCount "129"]
[EventDate "2008.04.11"]

1. e4 {31} c5 {7} 2. Nf3 {13} Nc6 {55} 3. d4 {10} cxd4 {23} 4. Nxd4 {1} Nf6 {13
} 5. Nc3 {11} d6 {15} 6. Bg5 {24} e6 {14} 7. Qd2 {15} Be7 {40} 8. O-O-O {13}
O-O {15} 9. f4 {14} Nxd4 {20} 10. Qxd4 {13} Qa5 {2} 11. Bc4 {20} Bd7 {11} 12.
e5 {16} dxe5 {16} 13. fxe5 {9} Bc6 {11} 14. Bd2 {15} Bc5 {154} 15. Qf4 {35} Nd7
{24} 16. Rhe1 {17} Qb6 {94} 17. Re2 {Revelator reconnected. 19} Rac8 {
Revelator reconnected. 198} 18. Qg3 {Revelator reconnected. 522} Rfe8 {165} 19.
Bh6 {105} g6 {105} 20. h4 {386} Qb4 {101} 21. Qf4 {87} Bf8 {130} 22. Bxf8 {87}
Rxf8 {21} 23. Ne4 {152} Bxe4 {3} 24. Rxe4 {3} Qe7 {45} 25. Red4 {145} Nb6 {192}
26. Bb3 {3} Rc5 {132} 27. h5 {321} g5 {19} 28. Qe3 {50} h6 {35} 29. c3 {68} Qc7
{40} 30. Rd6 {90} Nc8 {25} 31. Rd7 {23} Qxe5 {41} 32. Qxe5 {23} Rxe5 {14} 33.
Rxb7 {7} Kg7 {140} 34. Ba4 {15} Re2 {64} 35. Bc6 {129} Rf2 {109} 36. a4 {146}
Kf6 {42} 37. Bf3 {10} g4 {151} 38. Bxg4 {58} Rf4 {80} 39. Bf3 {54} Rxa4 {25}
40. Kc2 {58} Nb6 {94} 41. b3 {52} Ra2+ {16} 42. Kb1 {6} Ra5 {57} 43. c4 {38}
Re8 {61} 44. Rf1 {469} Rf5 {236} 45. Rxa7 {4} Re7 {34} 46. Rxe7 {71} Kxe7 {3}
47. Kc2 {7} Nd7 {24} 48. b4 {15} Ne5 {40} 49. Kc3 {94} Rf4 {50} 50. c5 {23} f5
{29} 51. Rd1 {76} Nxf3 {41} 52. gxf3 {10} Rxf3+ {10} 53. Kc4 {6} f4 {41} 54. b5
{35} Rf2 {43} 55. Kc3 {82} Rf3+ {22} 56. Kb4 {2} Rf2 {17} 57. b6 {11} Rb2+ {31}
58. Ka5 {20} Ra2+ {17} 59. Kb5 {10} f3 {64} 60. c6 {11} f2 {28} 61. c7 {21}
Rb2+ {26} 62. Kc6 {60} Rd2 {27} 63. Rf1 {23} Rd6+ {33} 64. Kb7 {6} Rd7 {26} 65.
Rxf2 {HAKAN M resigns (Lag: Av=2.40s, max=60.3s) 14} 1-0

[Event "CSS Freestyle 8th"]
[Site "playchess.com"]
[Date "2008.04.11"]
[Round "2"]
[White "Olivier EVAN"]
[Black "Snuggles"]
[Result "1-0"]
[WhiteElo "2377"]
[BlackElo "2519"]
[PlyCount "143"]
[EventDate "2008.04.11"]

1. e4 {4} c5 {4} 2. Be2 {24} Nc6 {75} 3. Nf3 {17} e5 {859} 4. Bc4 {227} Be7 {97
} 5. Nc3 {56} Nf6 {60} 6. d3 {7} O-O {24} 7. O-O {15} d6 {6} 8. a3 {113} Be6 {
299} 9. Nd5 {241} Nd4 {329} 10. Nxf6+ {10} Bxf6 {9} 11. c3 {6} Nxf3+ {41} 12.
Qxf3 {7} Qe7 {278} 13. Qd1 {126} Bg5 {57} 14. Bxg5 {43} Qxg5 {0} 15. f3 {5}
Rae8 {307} 16. Qb3 {163} Re7 {101} 17. Rae1 {9} b6 {140} 18. Bxe6 {83} Rxe6 {49
} 19. Rf2 {5} h6 {snuggles bietet Remis 105} 20. Qd5 {43} Qe7 {15} 21. Ref1 {35
} Qd7 {57} 22. b4 {262} Qa4 {71} 23. Ra2 {7} Rfe8 {24} 24. h3 {80} R8e7 {36}
25. Kh2 {86} Rc7 {11} 26. Rb1 {32} h5 {137} 27. b5 {42} Kh7 {43} 28. h4 {14} g6
{28} 29. g3 {99} Kg7 {1} 30. Kg2 {24} Rd7 {14} 31. Kf2 {556} Re8 {34} 32. g4 {
139} Qa5 {65} 33. Qc4 {98} Rh8 {24} 34. Kg3 {7} Re7 {59} 35. a4 {40} f6 {86}
36. Rg2 {21} Rd7 {12} 37. Kf2 {29} hxg4 {103} 38. Rxg4 {14} Rh6 {4} 39. Rbg1 {7
} Kh7 {9} 40. Ke3 {18} Rg7 {245} 41. Kd2 {67} Rg8 {43} 42. f4 {47} exf4 {47}
43. Rxf4 {34} d5 {197} 44. exd5 {35} a6 {2} 45. bxa6 {6} b5 {28} 46. Qxb5 {38}
Qd8 {12} 47. Qxc5 {4} Rh5 {8} 48. c4 {44} Qb8 {7} 49. Qe7+ {. 76} Rg7 {3} 50.
Qxf6 {2} Re5 {9} 51. Rb1 {83} Qxb1 {20} 52. Qxe5 {9} Qb4+ {23} 53. Qc3 {7} Qxa4
{8} 54. Rf6 {14} Qa2+ {13} 55. Kc1 {6} Qh2 {7} 56. Qd4 {39} Qa2 {17} 57. Rb6 {
35} Qa3+ {5} 58. Kc2 {21} Qa2+ {1} 59. Qb2 {9} Qa4+ {2} 60. Kc1 {22} Qe8 {16}
61. Rb7 {4} Qe3+ {6} 62. Kc2 {53} Qe2+ {4} 63. Kb3 {9} Qxd3+ {7} 64. Kb4 {8}
Rxb7+ {23} 65. axb7 {5} Qg3 {2} 66. c5 {31} Qxh4+ {47} 67. Kb5 {9} Qf4 {4} 68.
d6 {25} Qf1+ {6} 69. Kb6 {9} Qf8 {6} 70. d7 {6} Qd8+ {5} 71. Kc6 {8} Qb8 {8}
72. Qf6 {Zeit (Lag: Av=1.19s, max=5.4s) 11} 1-0

[Event "CSS Freestyle 8th"]
[Site "playchess.com"]
[Date "2008.04.11"]
[Round "2"]
[White "Maschanska"]
[Black "New Man"]
[Result "0-1"]
[WhiteElo "2429"]
[BlackElo "2495"]
[PlyCount "184"]
[EventDate "2008.04.11"]

1. e4 {10} c5 {68} 2. Nf3 {24} d6 {62} 3. d4 {112} cxd4 {54} 4. Nxd4 {39} Nf6 {
27} 5. Nc3 {43} Qc7 {33} 6. Be2 {274} a6 {70} 7. Bg5 {102} Nbd7 {219} 8. O-O {
22} g6 {73} 9. a4 {293} Bg7 {85} 10. a5 {2} O-O {82} 11. Qd2 {6} b5 {30} 12.
axb6 {12} Nxb6 {15} 13. f3 {23} d5 {520} 14. Nb3 {56} dxe4 {113} 15. fxe4 {7}
Be6 {56} 16. Qf4 {6} Qxf4 {41} 17. Bxf4 {3} Bc4 {54} 18. Nc1 {174} Nfd7 {321}
19. Nd3 {71} Bd4+ {29} 20. Kh1 {3} Rfc8 {60} 21. Bd2 {247} a5 {66} 22. Bg4 {257
} h5 {20} 23. Be2 {108} a4 {73} 24. Ra3 {53} Nc5 {42} 25. Re1 {90} Rd8 {31} 26.
Bf1 {Maschanska bietet Remis 108} Rac8 {157} 27. Be3 {31} Bxe3 {273} 28. Rxe3 {
19} Rd4 {45} 29. Kg1 {82} Bxd3 {21} 30. cxd3 {40} Rb8 {50} 31. Ra2 {296} Kg7 {
36} 32. g3 {172} Rb4 {62} 33. h3 {63} Nbd7 {70} 34. Ra3 {25} Ne5 {17} 35. Be2 {
169} Rd4 {29} 36. Nd1 {19} Rb3 {23} 37. Rxb3 {10} axb3 {46} 38. Nf2 {47} Ra4 {
19} 39. d4 {50} Rxd4 {18} 40. Rc3 {8} Nxe4 {42} 41. Rxb3 {9} Nd6 {39} 42. Nd3 {
140} Nxd3 {35} 43. Rxd3 {62} Rxd3 {49} 44. Bxd3 {12} Kf6 {49} 45. Kf2 {3} Ke5 {
38} 46. Ke3 {46} Nf5+ {23} 47. Kf3 {12} Kd4 {27} 48. Bf1 {234} e5 {38} 49. h4 {
10} Nd6 {30} 50. Ba6 {21} e4+ {28} 51. Ke2 {6} f6 {50} 52. b4 {7} Nf5 {30} 53.
Kf2 {7} Ne7 {17} 54. Bf1 {7} f5 {32} 55. Be2 {11} Nd5 {11} 56. b5 {8} Nb6 {12}
57. Bd1 {10} Kc5 {29} 58. Bb3 {18} Nd7 {17} 59. Bf7 {14} Ne5 {13} 60. Be8 {
Maschanska bietet Remis 11} Kb6 {33} 61. Ke3 {10} Kc7 {49} 62. b6+ {56} Kb7 {18
} 63. Kd4 {14} Kxb6 {17} 64. Ba4 {113} Nf3+ {11} 65. Ke3 {11} Kc5 {25} 66. Be8
{15} Ne5 {30} 67. Kf2 {56} Kd4 {12} 68. Ke2 {10} Nd3 {22} 69. Bb5 {23} Nc5 {22}
70. Kf2 {10} e3+ {17} 71. Kf3 {14} Ne4 {19} 72. Ba6 {30} Nc3 {17} 73. Kg2 {27}
Ke4 {14} 74. Bc4 {8} Nb1 {16} 75. Be2 {11} Nd2 {15} 76. Ba6 {15} Kd4 {17} 77.
Be2 {42} Kc3 {21} 78. Ba6 {24} Ne4 {12} 79. Kf3 {10} Kd2 {14} 80. Be2 {37} Nxg3
{55} 81. Bc4 {12} e2 {23} 82. Bxe2 {17} Nxe2 {17} 83. Kf2 {3} Nf4 {20} 84. Kg3
{12} Ke3 {17} 85. Kh2 {7} Nd5 {34} 86. Kg1 {8} Ke2 {14} 87. Kh2 {5} f4 {20} 88.
Kg1 {10} f3 {11} 89. Kh2 {13} f2 {13} 90. Kg3 {10} f1=Q {21} 91. Kh2 {7} Nf4 {
24} 92. Kg3 {6} Qf2# {(Lag: Av=0.24s, max=1.0s) 23} 0-1

[Event "CSS Freestyle 8th"]
[Site "playchess.com"]
[Date "2008.04.11"]
[Round "2"]
[White "Jcook140"]
[Black "Luminarydebris"]
[Result "1/2-1/2"]
[WhiteElo "2440"]
[BlackElo "2435"]
[PlyCount "84"]
[EventDate "2008.04.11"]

1. e4 {15} c5 {4} 2. Nf3 {114} d6 {8} 3. Nc3 {94} Nf6 {16} 4. e5 {206} dxe5 {
157} 5. Nxe5 {14} a6 {786} 6. Be2 {246} e6 {159} 7. Bf3 {113} Qc7 {12} 8. Nc4 {
116} Bd7 {25} 9. O-O {54} Nc6 {187} 10. Re1 {Black restart ok. 316} Rb8 {230}
11. Ne4 {69} Be7 {114} 12. d3 {51} b5 {217} 13. Ncd2 {48} O-O {134} 14. Nxf6+ {
45} Bxf6 {8} 15. g3 {26} Nd4 {17} 16. Bg2 {30} Nf5 {242} 17. Ne4 {307} Be7 {345
} 18. b3 {444} Rfd8 {42} 19. Bb2 {131} h6 {188} 20. Qg4 {364} e5 {12} 21. Nd2 {
14} Ne3 {281} 22. Qh5 {96} Nxc2 {93} 23. Rxe5 {64} Be8 {10} 24. Qe2 {40} Bf6 {6
} 25. Rc1 {41} Nb4 {35} 26. Rcxc5 {103} Qb6 {11} 27. Ne4 {171} Nxd3 {13} 28.
Nxf6+ {55} Qxf6 {0} 29. Rc2 {64} Nxb2 {3} 30. Rxb2 {17} b4 {2} 31. Rc2 {24} Bb5
{14} 32. Qe1 {27} Rd4 {3} 33. h4 {73} Rbd8 {9} 34. Kh2 {39} Rd1 {7} 35. Qe3 {21
} Qd6 {40} 36. h5 {148} Kf8 {29} 37. Rcc5 {62} Qd4 {75} 38. Qf3 {25} f6 {36}
39. Rf5 {32} Qd6 {5} 40. Qb7 {32} Qb8 {9} 41. Qxb8 {46} Rxb8 {10} 42. Bc6 {31}
Be2 {Luminarydebris offers a draw (Lag: Av=0.39s, max=0.8s) 48} 1/2-1/2

[Event "CSS Freestyle 8th"]
[Site "playchess.com"]
[Date "2008.04.11"]
[Round "2"]
[White "Croberson"]
[Black "Brf"]
[Result "1/2-1/2"]
[WhiteElo "2430"]
[BlackElo "2443"]
[PlyCount "86"]
[EventDate "2008.04.11"]

1. d4 {88} Nf6 {5} 2. c4 {65} e6 {4} 3. Nc3 {82} Bb4 {72} 4. e3 {73} O-O {39}
5. Bd3 {63} d5 {34} 6. Nf3 {103} c5 {41} 7. O-O {25} Nc6 {148} 8. a3 {86} Bxc3
{23} 9. bxc3 {29} dxc4 {6} 10. Bxc4 {13} Qc7 {25} 11. Ba2 {306} Rd8 {137} 12.
Re1 {273} b6 {225} 13. e4 {148} h6 {87} 14. e5 {91} Nh7 {172} 15. Bb2 {261} Bb7
{194} 16. Rc1 {73} Qe7 {57} 17. Qd3 {76} Na5 {169} 18. Nd2 {138} Nf8 {370} 19.
g3 {26} Qc7 {274} 20. Qe2 {282} Qd7 {256} 21. Bb1 {191} Rac8 {219} 22. Ne4 {12}
cxd4 {7} 23. cxd4 {18} Qd5 {119} 24. Rxc8 {24} Rxc8 {37} 25. f3 {145} Qb3 {35}
26. Nd6 {76} Bxf3 {117} 27. Qf2 {31} Rc7 {34} 28. Ne8 {126} Rd7 {43} 29. Bc2 {
197} Qd5 {23} 30. Re3 {58} Bh5 {153} 31. Nd6 {5} Rc7 {53} 32. Rc3 {73} Rxc3 {92
} 33. Bxc3 {5} f5 {13} 34. exf6 {10} Qxd6 {33} 35. fxg7 {6} Kxg7 {68} 36. d5+ {
64} e5 {6} 37. Bb4 {17} Qd8 {4} 38. Qf5 {42} Qe8 {106} 39. Bxf8+ {44} Qxf8 {5}
40. Qh7+ {234} Kf6 {7} 41. Qf5+ {51} Kg7 {31} 42. Qh7+ {50} Kf6 {19} 43. Qf5+ {
15} Kg7 {(Lag: Av=0.34s, max=1.1s) 4} 1/2-1/2

[Event "CSS Freestyle 8th"]
[Site "playchess.com"]
[Date "2008.04.11"]
[Round "3"]
[White "Flyingfatman"]
[Black "Luminarydebris"]
[Result "1/2-1/2"]
[WhiteElo "2537"]
[BlackElo "2435"]
[PlyCount "76"]
[EventDate "2008.04.11"]

1. e4 {12} c5 {7} 2. Nf3 {6} d6 {4} 3. d4 {13} cxd4 {0} 4. Nxd4 {11} Nf6 {2} 5.
Nc3 {2} a6 {2} 6. Be3 {7} e5 {5} 7. Nb3 {94} Be6 {8} 8. f3 {3} Be7 {5} 9. Qd2 {
31} O-O {5} 10. O-O-O {8} Nbd7 {21} 11. g4 {16} b5 {4} 12. g5 {13} b4 {3} 13.
Ne2 {21} Ne8 {6} 14. f4 {18} a5 {3} 15. f5 {14} a4 {12} 16. Nbd4 {17} exd4 {4}
17. Nxd4 {12} b3 {4} 18. Kb1 {13} bxc2+ {8} 19. Nxc2 {16} Bb3 {4} 20. axb3 {11}
axb3 {0} 21. Na3 {8} Ne5 {4} 22. h4 {61} Ra4 {7} 23. Rh3 {14} Qa8 {7} 24. Qd5 {
14} Rxa3 {4} 25. bxa3 {11} Qxa3 {3} 26. Qd2 {18} Nf6 {6} 27. Bd4 {59} Nfd7 {17}
28. Rc3 {370} Nc5 {84} 29. Rxc5 {76} Nf3 {11} 30. Qa5 {45} Qa2+ {5} 31. Qxa2 {
23} bxa2+ {0} 32. Kxa2 {1} dxc5 {4} 33. Bf2 {17} Ra8+ {181} 34. Kb3 {82} h6 {
1049} 35. Rd7 {40} Kf8 {445} 36. gxh6 {150} gxh6 {0} 37. Rd5 {160} Nxh4 {
Luminarydebris offers a draw 76} 38. Be3 {68} Kg7 {
Flyingfatman offers a draw (Lag: Av=0.62s, max=1.6s) 290} 1/2-1/2

[Event "CSS Freestyle 8th"]
[Site "playchess.com"]
[Date "2008.04.11"]
[Round "3"]
[White "Intuitivestra"]
[Black "HAKAN M"]
[Result "1-0"]
[WhiteElo "2326"]
[BlackElo "2367"]
[PlyCount "51"]
[EventDate "2008.04.11"]

1. d4 {235} Nf6 {41} 2. c4 {13} e6 {13} 3. Nc3 {7} Bb4 {11} 4. Qc2 {40} d5 {11}
5. e3 {10} O-O {19} 6. Nf3 {7} c5 {79} 7. a3 {64} Bxc3+ {19} 8. bxc3 {45} Nc6 {
41} 9. Be2 {15} Na5 {82} 10. cxd5 {31} exd5 {13} 11. O-O {33} Bg4 {128} 12.
dxc5 {53} Re8 {95} 13. a4 {114} Ne4 {63} 14. Rd1 {56} Qf6 {64} 15. Bb2 {60} Qf5
{34} 16. h3 {24} Bxh3 {47} 17. c4 {174} Nxc4 {61} 18. Bxc4 {5} Re6 {68} 19.
Rxd5 {41} Qg6 {134} 20. Ne1 {19} Rae8 {80} 21. f3 {80} Bf5 {57} 22. Rxf5 {17}
Qxf5 {15} 23. Bxe6 {4} Rxe6 {98} 24. fxe4 {9} Qxe4 {19} 25. Qxe4 {5} Rxe4 {12}
26. Bd4 {HAKAN M resigns (Lag: Av=1.41s, max=2.9s) 3} 1-0

[Event "CSS Freestyle 8th"]
[Site "playchess.com"]
[Date "2008.04.11"]
[Round "3"]
[White "Spidey"]
[Black "Bruckmann"]
[Result "1/2-1/2"]
[WhiteElo "2399"]
[BlackElo "2374"]
[PlyCount "71"]
[EventDate "2008.04.11"]

1. e4 {15} c5 {24} 2. Nf3 {5} Nc6 {43} 3. d4 {64} cxd4 {15} 4. Nxd4 {9} Nf6 {21
} 5. Nc3 {9} e5 {72} 6. Ndb5 {13} d6 {10} 7. Bg5 {14} a6 {20} 8. Na3 {20} b5 {8
} 9. Nd5 {50} Be7 {9} 10. Bxf6 {31} Bxf6 {16} 11. c3 {21} Bh4 {180} 12. Nc2 {
270} Rb8 {166} 13. g3 {12} Bg5 {56} 14. Bg2 {21} O-O {64} 15. O-O {21} Be6 {86}
16. Qd3 {608} Qd7 {6} 17. h4 {129} Bh6 {109} 18. Rfd1 {95} Rfd8 {78} 19. a4 {
267} bxa4 {37} 20. Rxa4 {445} Rxb2 {303} 21. Rxa6 {14} Bxd5 {475} 22. Qxd5 {5}
Rxc2 {37} 23. Qxc6 {10} g6 {99} 24. Qb6 {6} Rxc3 {164} 25. Ra7 {8} Qc8 {103}
26. Rxd6 {13} Rxd6 {16} 27. Qxd6 {8} Bf8 {27} 28. Qd5 {11} Qc4 {31} 29. Qxe5 {
11} Qc5 {10} 30. Qxc5 {7} Bxc5 {10} 31. Ra2 {14} Rxg3 {20} 32. Rc2 {13} Bd4 {16
} 33. Rd2 {29} Bc5 {26} 34. Rc2 {13} Bd4 {35} 35. Rd2 {2} Bc5 {7} 36. Rc2 {
(Lag: Av=0.81s, max=18.0s) 2} 1/2-1/2